000 00297nam a2200133Ia 4500
005 20251222142030.0
008 251222s9999||||xx |||||||||||||| ||spa||
082 _a840/F45
100 _aFeval, Paul
245 0 _aEl Juramento de Lagardere
250 _a5a.ed.
264 _bCumbre
942 _cLIB
999 _c10949
_d10949